| Tag |
First Indicator |
Second Indicator |
Subfields |
| LEADER |
00000cam a2200000 i 4500 |
| 001 |
in00000665352 |
| 005 |
20151015080258.0 |
| 008 |
790403s1979 nyua b 00110 eng |
| 010 |
|
|
|a 79014347
|
| 020 |
|
|
|a 0471217417
|
| 035 |
|
|
|a (OCoLC)04882947
|
| 035 |
|
|
|9 ACX6154AM
|
| 040 |
|
|
|a DLC
|c DLC
|d OCL
|d TXA
|d UtOrBLW
|
| 043 |
|
|
|a n-us---
|
| 049 |
|
|
|a TXAM
|c 1 [1614799], 2 [1497947]
|
| 050 |
0 |
0 |
|a JK585
|b .D6
|
| 082 |
0 |
|
|a 328.73/07/456
|
| 100 |
1 |
|
|a Dodd, Lawrence C.
|
| 245 |
1 |
0 |
|a Congress and the administrative state /
|c Lawrence C. Dodd, Richard L. Schott.
|
| 264 |
|
1 |
|a New York :
|b Wiley,
|c [1979]
|
| 264 |
|
4 |
|c ©1979
|
| 300 |
|
|
|a xi, 364 pages :
|b illustrations ;
|c 22 cm.
|
| 336 |
|
|
|a text
|b txt
|2 rdacontent
|
| 337 |
|
|
|a unmediated
|b n
|2 rdamedia
|
| 338 |
|
|
|a volume
|b nc
|2 rdacarrier
|
| 490 |
1 |
|
|a Viewpoints on American politics
|
| 504 |
|
|
|a Includes bibliographical references and index.
|
| 610 |
1 |
0 |
|a United States.
|b Congress.
|
| 650 |
|
0 |
|a Administrative agencies
|z United States.
|
| 650 |
|
0 |
|a Legislative oversight
|z United States.
|
| 650 |
|
0 |
|a Executive departments
|z United States.
|
| 700 |
1 |
|
|a Schott, Richard L.
|
| 830 |
|
0 |
|a Viewpoints on American politics series.
|
| 999 |
|
|
|a MARS
|
| 999 |
f |
f |
|s a7f62be6-0a22-3b94-8a22-28c315813209
|i ba220985-196e-32b7-89c5-b652b6c6bcf3
|t 0
|
| 952 |
f |
f |
|p ric
|a Texas A&M University
|b Rellis Campus
|c Joint Library Facility
|d Remote Storage
|t 0
|e JK585 .D6
|h Library of Congress classification
|i unmediated -- volume
|m A14803095001
|
| 998 |
f |
f |
|a JK585 .D6
|t 0
|l Remote Storage
|